CJ50 (Record no. 81187)
[ view plain ]
| 000 -LEADER | |
|---|---|
| fixed length control field | 00813cab a22001815a 4500 |
| 001 - CONTROL NUMBER | |
| control field | L146565 |
| 008 - FIXED-LENGTH DATA ELEMENTS--GENERAL INFORMATION | |
| fixed length control field | 090204e20090121xxkd f s 000 0 eng d |
| 035 ## - SYSTEM CONTROL NUMBER | |
| System control number | (Sirsi) u146565 |
| 041 0# - LANGUAGE CODE | |
| Language code of text/sound track or separate title | eng |
| 100 1# - MAIN ENTRY--PERSONAL NAME | |
| Personal name | Stagg, James |
| 245 00 - TITLE STATEMENT | |
| Title | CJ50 |
| Remainder of title | Public spending helps lift output |
| 260 ## - PUBLICATION, DISTRIBUTION, ETC. | |
| Date of publication, distribution, etc. | 2009 |
| 490 ## - SERIES STATEMENT | |
| Series statement | Contract Journal |
| Volume/sequential designation | 446 (6707) 21 January 2009, 18 (1) |
| 520 ## - SUMMARY, ETC. | |
| Summary, etc. | Monthly league table of new work winners for December 2008, divided by sector. Balfour Beatty is at the top of the table for December 2008 due to public contracts. Rok follows at the second position. Wates is at the third position of this table. Reports that 35% of new orders came from the private commercial sector. |
| 651 #4 - SUBJECT ADDED ENTRY--GEOGRAPHIC NAME | |
| Geographic name | United Kingdom |
| Chronological subdivision | |
| 690 ## - LOCAL SUBJECT ADDED ENTRY--TOPICAL TERM (OCLC, RLIN) | |
| Topical term or geographic name as entry element | PROPERTY-COMMERCIAL PROPERTY-COMMERCIAL PROPERTY MARKET |
| 942 ## - ADDED ENTRY ELEMENTS (KOHA) | |
| Suppress in OPAC | 0 |
| Withdrawn status | Lost status | Source of classification or shelving scheme | Damaged status | Not for loan | Home library | Current library | Shelving location | Date acquired | Total Checkouts | Full call number | Barcode | Date last seen | Copy number | Price effective from | Koha item type |
|---|---|---|---|---|---|---|---|---|---|---|---|---|---|---|---|
| Dewey Decimal Classification | London | London | Journal article | 04/02/2009 | L146565 | 146565-1001 | 06/08/2019 | 1 | 06/08/2019 | Journal article |